Agyptische Steingefässe der Sammlung Rudolph Schmidt, Solothurn /

محفوظ في:

المؤلف الرئيسي: Günther, Peter (مؤلف)

مؤلفون آخرون: Wellauer, Rudolf.

التنسيق: كتاب

اللغة: German

منشور في: Zurich : Orientalisches Seminar der Universität Zürich, 1988.

سلاسل: Ägyptologische Hefte des Orientalischen Seminars der Universität Zürich ; 2.

الموضوعات:

الوسوم: إضافة وسم

لا توجد وسوم, كن أول من يضع وسما على هذه التسجيلة!

رقم الطلب: NK4625 .A1 G84 1988

LEADER 01226nam a22002897a 4500
003 OSt
005 20250915075940.0
008 250303s1988 sz af g bc 000 0 ger d
040 |c ARCE Library 
043 |a f-ua---  |a e-sz---  
050 1 4 |a NK4625 .A1   |b G84 1988 
100 1 |a Günther, Peter,   |e author 
245 1 0 |a Agyptische Steingefässe der Sammlung Rudolph Schmidt, Solothurn /   |c von Peter Günther und Rudolf Wellauer.  
264 1 |a Zurich :   |b Orientalisches Seminar der Universität Zürich,   |c 1988. 
300 |a ix, 81 pages, 47 pages of plates :   |b illustrations ;   |c 30 cm. 
490 1 |a Ägyptologische Hefte des Orientalischen Seminars der Universität Zürich ;   |v 2. 
504 |a Includes bibliographical references.  
600 1 0 |a Schmidt, Rudolph  |x Art collections  |v Catalogs. 
650 0 |a Implements, utensils, etc.  |z Egypt  |v Catalogs.  
650 0 |a Vases, Egyptian  |v Catalogs.  
650 0 |a Vases, Egyptian  |x Private collections  |z Switzerland  |z Solothurn  |v Catalogs. 
651 0 |a Egypt  |x Antiquities  |v Catalogs. 
700 1 |a Wellauer, Rudolf.  |9 42043 
830 0 |a Ägyptologische Hefte des Orientalischen Seminars der Universität Zürich ;   |v 2. 
901 |a reviewed 
942 |c BK  |2 lcc 
999 |c 23868  |d 23868